Observaciones de la modernidad: racionalidad y contingencia en la sociedad moderna
שמור ב:
| מחבר ראשי: | |
|---|---|
| פורמט: | ספר |
| שפה: | ספרדית |
| יצא לאור: |
Barcelona
Paidós
1997
|
| סדרה: | Paidós Studio, 123
|
| נושאים: | |
| תגים: |
הוספת תג
אין תגיות, היה/י הראשונ/ה לתייג את הרשומה!
|
MARC
| LEADER | 00000nam a2200000 a 4500 | ||
|---|---|---|---|
| 001 | UCO4670 | ||
| 003 | CL-VaPUC | ||
| 008 | 000811e19970000SP |||||||||||||||||spa|d | ||
| 082 | 0 | 4 | |a 301 |b LUH |2 21 |
| 100 | |a Luhmann, Niklas |e autor |9 316343 | ||
| 245 | 1 | 0 | |a Observaciones de la modernidad: racionalidad y contingencia en la sociedad moderna |
| 300 | |a 203 p | ||
| 942 | |c BK | ||
| 945 | |d 20000811 00:00:00 |a vberengu | ||
| 260 | |a Barcelona |b Paidós |c 1997 | ||
| 650 | 0 | |a Psicología social |9 222894 | |
| 650 | 0 | |a Sistemas sociales |9 308361 | |
| 650 | 0 | |a Teoría de sistemas |9 260742 | |
| 583 | |a last modification |c 20000811 00:00:00 |k Rodrigo Vera | ||
| 490 | 0 | |a Paidós Studio, 123 | |
| 999 | |c 290683 |d 290681 | ||
| 952 | |0 0 |1 0 |4 0 |6 301_000000000000000_LUH_1997 |7 0 |8 A |9 340231 |a BIBHIS |b BIBHIS |d 2019-11-20 |i 3640892 |o 301 LUH 1997 |p 3640892 |r 2025-01-20 |w 2019-11-20 |y BK |k HIS | ||